000 00368nam a22001337a 4500
082 _a894.812
_bVEN/C
100 _aVENU
245 _aCHIRIYUM CHINTHAYUM OSHO KATHAKALILUDE
246 _aCHIRIYUM CHINTHAYUM OSHO KATHAKALILUDE
_bCHIRIYUM CHINTHAYUM OSHO KATHAKALILUDE
260 _aKOZHIKODU
_bCUNEIFORM
_c2024
300 _a96
650 _aMALAYALAM STUDY
942 _cBK
999 _c9068
_d9068